Código de comercio de la República de Chile.

Salvato in:
Dettagli Bibliografici
Natura: Libro
Lingua:spagnolo
Pubblicazione: Santiago, Chile: Imprenta Nacional, 1866.
Soggetti:
Accesso online:Acceso texto completo
Tags: Aggiungi Tag
Nessun Tag, puoi essere il primo ad aggiungerne!!

MARC

LEADER 00000cam a2200000 a 4500
001 UCS3348
003 CL-VaPUC
005 20220822114331.0
008 970620e18660000CL |||||||||||||||||spa|d
999 |c 261086  |d 261084 
040 |c Pontificia Universidad Católica de Valparaíso 
082 0 4 |a 346.07 COD 1866  |2 21 
245 1 0 |a Código de comercio de la República de Chile. 
260 |a Santiago, Chile:  |b Imprenta Nacional,   |c 1866. 
300 |a 410 páginas. 
500 |a c.10 Donación Familia Prof. Alejandro Guzmán Brito. 
583 |a last modification  |c 20131023 04:12:59  |k Rodrigo Vera 
650 0 |a Código de comercio   |z Chile  |9 329302 
650 0 |a Derecho comercial   |9 256340 
852 |a FDOBRV 
856 |u http://opac.pucv.cl/pucv_txt/Txt-3000/UCS3348_01.pdf  |z Acceso texto completo  
942 |c BK  |2 ddc  |n 0 
945 |d 19970620 00:00:00  |a lriquelm 
952 |0 0  |1 0  |2 ddc  |4 0  |5 1  |6 346_070000000000000_COD_1866  |7 1  |8 C_LRYV  |9 287887  |a FDOBRV  |b BIBDER  |d 2019-11-19  |i 1866974  |o 346.07 COD 1866  |p 1866974  |r 2023-01-25  |w 2019-11-19  |y BK_X  |k BRV 
952 |0 0  |1 0  |2 ddc  |4 0  |5 1  |6 346_070000000000000_COD_1866  |7 1  |8 C_LRYV  |9 287888  |a FDOBRV  |b BIBDER  |d 2019-11-19  |i 1892452  |o 346.07 COD 1866  |p 1892452  |r 2023-01-25  |w 2019-11-19  |y BK_X  |k BRV 
952 |0 0  |1 0  |2 ddc  |4 0  |5 1  |6 346_070000000000000_COD_1866  |7 1  |8 C_LRYV  |9 287889  |a FDOBRV  |b BIBDER  |d 2019-11-19  |i 1892401  |o 346.07 COD 1866  |p 1892401  |r 2023-01-25  |w 2019-11-19  |y BK_X  |k BRV 
952 |0 0  |1 0  |2 ddc  |4 0  |5 1  |6 346_070000000000000_COD_1866  |7 1  |8 C_LRYV  |9 287890  |a FDOBRV  |b BIBDER  |d 2019-11-19  |i 195136K  |o 346.07 COD 1866  |p 195136K  |r 2023-01-25  |w 2019-11-19  |y BK_X  |k BRV 
952 |0 0  |1 0  |2 ddc  |4 0  |5 1  |6 346_070000000000000_COD_1866  |7 1  |8 C_LRYV  |9 287891  |a FDOBRV  |b BIBDER  |d 2019-11-19  |i 1951319  |o 346.07 COD 1866  |p 1951319  |r 2023-01-25  |w 2019-11-19  |y BK_X  |k BRV 
952 |0 0  |1 0  |2 ddc  |3 erd  |4 0  |5 1  |6 346_070000000000000_COD_1866  |7 1  |8 C_LRYV  |9 287892  |a FDOBRV  |b BIBDER  |d 2019-11-19  |i 5020506  |o 346.07 COD 1866  |p 5020506  |r 2023-01-25  |w 2019-11-19  |y BK_X  |z Catalogado en:20131025  |k BRV 
952 |0 0  |1 0  |2 ddc  |3 erd  |4 0  |5 1  |6 346_070000000000000_COD_1866  |7 1  |8 C_LRYV  |9 287893  |a FDOBRV  |b BIBDER  |d 2019-11-19  |i 5020514  |o 346.07 COD 1866  |p 5020514  |r 2023-01-25  |w 2019-11-19  |y BK_X  |z Catalogado en:20131025  |k BRV 
952 |0 0  |1 0  |2 ddc  |3 erd  |4 0  |5 1  |6 346_070000000000000_COD_1866  |7 1  |8 C_LRYV  |9 287894  |a FDOBRV  |b BIBDER  |d 2019-11-19  |i 5020522  |o 346.07 COD 1866  |p 5020522  |r 2023-01-25  |w 2019-11-19  |y BK_X  |z Catalogado en:20131025  |k BRV 
952 |0 0  |1 0  |2 ddc  |3 erd  |4 0  |5 1  |6 346_070000000000000_COD_1866  |7 1  |8 C_LRYV  |9 287895  |a FDOBRV  |b BIBDER  |i 5258596  |o 346.07 COD 1866  |p 5258596  |r 2023-01-25  |w 2019-11-19  |y BK_X  |z Catalogado en:20151231  |k BRV 
952 |0 0  |1 0  |2 ddc  |4 0  |6 346_070000000000000_COD_1866  |7 0  |8 C_AGB  |9 580415  |a BIBDER  |b BIBDER  |d 2022-01-11  |e Donación   |i 5637570   |l 4  |o 346.07 COD 1866  |p 5637570  |r 2025-04-28  |s 2025-04-28  |t 10  |w 2022-01-11  |y BK_US  |k AGB